000
003160000a22001450004500
003
MACL
040
_a
MACL
090
_c
7164
_d
7163
100
_a
Chatterjea, S P
245
_a
Romance of Postage Stamps
260
_b
National Book Trust
_c
1973
350
_a
1.50
650
_a
Genral Collection
942
_c
BOOK
_k
000
999
_c
7117
_d
7117